Managing very challenging behaviour / (Record no. 356151)

000 -LEADER
fixed length control field 01076cam a2200289 a 4500
001 - CONTROL NUMBER
control field 15596253
003 - CONTROL NUMBER IDENTIFIER
control field NUST
005 - DATE AND TIME OF LATEST TRANSACTION
control field 20180210082344.0
008 - FIXED-LENGTH DATA ELEMENTS--GENERAL INFORMATION
fixed length control field 090123s2009 nyu 001 0 eng
010 ## - LIBRARY OF CONGRESS CONTROL NUMBER
LC control number 2009001596
020 ## - INTERNATIONAL STANDARD BOOK NUMBER
International Standard Book Number 9780826438775 (pbk.)
020 ## - INTERNATIONAL STANDARD BOOK NUMBER
International Standard Book Number 0826438776 (pbk.)
035 ## - SYSTEM CONTROL NUMBER
System control number (OCoLC)ocn300462661
040 ## - CATALOGING SOURCE
Original cataloging agency DLC
Transcribing agency DLC
Modifying agency YDX
-- CDX
-- YDXCP
-- DLC
050 00 - LIBRARY OF CONGRESS CALL NUMBER
Classification number LB3012
Item number .L43 2009
082 00 - DEWEY DECIMAL CLASSIFICATION NUMBER
Classification number 371.5
Edition number 22
100 1# - MAIN ENTRY--PERSONAL NAME
Personal name Leaman, Louisa.
9 (RLIN) 9981
245 10 - TITLE STATEMENT
Title Managing very challenging behaviour /
Statement of responsibility, etc. Louisa Leaman.
250 ## - EDITION STATEMENT
Edition statement 2nd ed.
260 ## - PUBLICATION, DISTRIBUTION, ETC.
Place of publication, distribution, etc. New York :
Name of publisher, distributor, etc. Continuum International Pub. Group,
Date of publication, distribution, etc. 2009.
300 ## - PHYSICAL DESCRIPTION
Extent ix, 131 p. ;
Dimensions 22 cm.
500 ## - GENERAL NOTE
General note Includes index.
650 #0 - SUBJECT ADDED ENTRY--TOPICAL TERM
Topical term or geographic name entry element School discipline.
9 (RLIN) 9982
650 #0 - SUBJECT ADDED ENTRY--TOPICAL TERM
Topical term or geographic name entry element Classroom management.
9 (RLIN) 9983
650 #0 - SUBJECT ADDED ENTRY--TOPICAL TERM
Topical term or geographic name entry element Problem children
General subdivision Behavior modification.
9 (RLIN) 9984
906 ## - LOCAL DATA ELEMENT F, LDF (RLIN)
a 7
b cbc
c orignew
d 1
e ecip
f 20
g y-gencatlg
942 ## - ADDED ENTRY ELEMENTS (KOHA)
Source of classification or shelving scheme
Koha item type Book
Holdings
Withdrawn status Lost status Source of classification or shelving scheme Damaged status Not for loan Collection code Permanent Location Current Location Shelving location Date acquired Total Checkouts Full call number Barcode Date last seen Price effective from Koha item type
            Central Library (CL) Central Library (CL) General Stacks 02/10/2018   371.5 LEA S3H-S-920 02/10/2018 02/10/2018 Book
© 2023 Central Library, National University of Sciences and Technology. All Rights Reserved.